Dictionnaire de l´ historie de France. K-Z

Salvato in:
Dettagli Bibliografici
Autore principale: Sirinelli, Jean-François
Natura: Sconosciuto
Lingua:Spanish
Pubblicazione: Paris, Francia Armand Colin diffusion Larousse 1999
Soggetti:
Tags: Aggiungi Tag
Nessun Tag, puoi essere il primo ad aggiungerne!!

MARC

LEADER 00000 a2200000 4500
008 180809b xxu||||| |||| 00| 0 spa d
020 |a 2035050731 
040 |a  cru BVZT  
090 |a R-413 S-1d FRA T.2 
100 |a Sirinelli, Jean-François 
245 |a Dictionnaire de l´ historie de France. K-Z  |c  Jean-François Sirinelli,  
260 |a Paris, Francia  |b Armand Colin diffusion Larousse  |c 1999 
300 |a 1712 páginas  |b Tomo 2 
650 0 |9 27  |a REFERENCIA 
650 0 |9 28  |a DICCIONARIO 
650 0 |9 90  |a HISTORIA 
650 0 |9 113  |a FRANCIA 
650 0 |9 105  |a FRANCÉS 
942 |2 z  |c REF 
999 |c 30556  |d 30556